[Event "Nugegoda Grand Prix 8th"]
[Site "Nugegoda"]
[Date "2021.01.31"]
[Round "7"]
[White "Doluweera, Minul Sanjula"]
[Black "Dorison, G Jude"]
[Result "1-0"]
[WhiteElo "2135"]
[BlackElo "1426"]
[PlyCount "61"]
[EventDate "2021.01.28"]
[EventType "tourn"]
[EventRounds "11"]
[EventCountry "SRI"]
[SourceTitle "CBM 200 Extra"]
[Source "ChessBase"]
[SourceDate "2021.03.31"]
[SourceVersion "1"]
[SourceVersionDate "2021.03.31"]
[SourceQuality "1"]

1. d4 Nf6 2. c4 e6 3. Nf3 Bb4+ 4. Nbd2 0-0 5. a3 Be7 6. g3 b6 7. Bg2 Bb7 8. 0-0 Ne4 9. Ne5 f5 10. Qc2 d5 11. cxd5 exd5 12. f3 Nd6 13. b3 a6 14. Bb2 c5 15. dxc5 bxc5 16. e4 d4 17. Kh1 Nd7 18. Nd3 Rc8 19. e5 Nb5 20. a4 Nc7 21. Nc4 Nd5 22. a5 Nb8 23. f4 Nc6 24. Qd2 g6 25. Nd6 Ne3 26. Nxb7 Nxf1 27. Rxf1 Qc7 28. Nbxc5 Bxc5 29. Nxc5 Qxa5 30. Qxa5 Nxa5 31. Bd5+ 1-0

[Event "Nugegoda Grand Prix 8th"]
[Site "Nugegoda"]
[Date "2021.01.31"]
[Round "6"]
[White "Dorison, G Jude"]
[Black "Amarasinghe, AACB"]
[Result "0-1"]
[WhiteElo "1426"]
[BlackElo "1940"]
[PlyCount "72"]
[EventDate "2021.01.28"]
[EventType "tourn"]
[EventRounds "11"]
[EventCountry "SRI"]
[SourceTitle "CBM 200 Extra"]
[Source "ChessBase"]
[SourceDate "2021.03.31"]
[SourceVersion "1"]
[SourceVersionDate "2021.03.31"]
[SourceQuality "1"]

1. e4 c5 2. Nf3 Nc6 3. Bb5 g6 4. 0-0 Bg7 5. c3 e5 6. Bxc6 dxc6 7. Qe2 Ne7 8. h3 h6 9. Rd1 0-0 10. d3 Qd6 11. Nbd2 Be6 12. Nf1 Rad8 13. Be3 f5 14. d4 exd4 15. cxd4 fxe4 16. dxc5 exf3 17. Qxf3 Qxd1 18. Rxd1 Rxf3 19. Rxd8+ Rf8 20. Rd2 Nd5 21. Bd4 Bxd4 22. Rxd4 Rf4 23. Rd1 Rc4 24. Ng3 Rxc5 25. Re1 Bf7 26. Ne4 Rc2 27. Rb1 Nb4 28. a3 Nd3 29. Rd1 Rc1 30. Rxc1 Nxc1 31. Nd6 b5 32. Nc8 Kf8 33. Nxa7 Bd5 34. g3 Nd3 35. b3 Nc5 36. a4 b4 0-1

[Event "Nugegoda Grand Prix 8th"]
[Site "Nugegoda"]
[Date "2021.01.30"]
[Round "5"]
[White "Dahanayake, Isara Banidu"]
[Black "Dorison, G Jude"]
[Result "1-0"]
[WhiteElo "1679"]
[BlackElo "1426"]
[PlyCount "67"]
[EventDate "2021.01.28"]
[EventType "tourn"]
[EventRounds "11"]
[EventCountry "SRI"]
[SourceTitle "CBM 200 Extra"]
[Source "ChessBase"]
[SourceDate "2021.03.31"]
[SourceVersion "1"]
[SourceVersionDate "2021.03.31"]
[SourceQuality "1"]

1. e4 c5 2. Nf3 d6 3. d4 cxd4 4. Nxd4 Nf6 5. Nc3 a6 6. Bg5 e6 7. f4 Be7 8. Qf3 Nbd7 9. 0-0-0 Qc7 10. g4 b5 11. Bxf6 gxf6 12. a3 Bb7 13. Bg2 Rc8 14. g5 Qa5 15. Nb3 Qb6 16. h4 a5 17. Qd3 Ba6 18. Qd4 Qc7 19. Kb1 a4 20. Nc1 e5 21. Qd2 Nb6 22. Bf1 0-0 23. N1a2 d5 24. exd5 Rfd8 25. gxf6 Bxf6 26. d6 Qb7 27. Bh3 Nc4 28. Qf2 Nxd6 29. Bxc8 Qxc8 30. Qg3+ Kh8 31. fxe5 Nf5 32. Qf4 Bg7 33. Rxd8+ Qxd8 34. Qxf5 1-0